An elementary treatise on differential equations and their applications (Record no. 63845)

000 -LEADER
fixed length control field 00578nam a22002057a 4500
003 - CONTROL NUMBER IDENTIFIER
control field NUST - PNEC
005 - DATE AND TIME OF LATEST TRANSACTION
control field 20170116180825.0
008 - FIXED-LENGTH DATA ELEMENTS--GENERAL INFORMATION
fixed length control field 150701b xxu||||| |||| 00| 0 eng d
020 ## - INTERNATIONAL STANDARD BOOK NUMBER
International Standard Book Number 0713508515
040 ## - CATALOGING SOURCE
Transcribing agency LIBRARY
082 ## - DEWEY DECIMAL CLASSIFICATION NUMBER
Classification number 515.33 PIA
100 ## - MAIN ENTRY--PERSONAL NAME
9 (RLIN) 4293
Personal name Piaggio, H.T. H.
245 ## - TITLE STATEMENT
Title An elementary treatise on differential equations and their applications
Statement of responsibility, etc. H. T. H. Piaggio
250 ## - EDITION STATEMENT
Edition statement 3rd ed.
260 ## - PUBLICATION, DISTRIBUTION, ETC.
Place of publication, distribution, etc. London:
Name of publisher, distributor, etc. C. Bell and Sons, Ltd.,
Date of publication, distribution, etc. c1971.
300 ## - PHYSICAL DESCRIPTION
Extent 256 p. :
Dimensions 20 cm.
650 ## - SUBJECT ADDED ENTRY--TOPICAL TERM
General subdivision ME
651 ## - SUBJECT ADDED ENTRY--GEOGRAPHIC NAME
General subdivision Differential Equations
942 ## - ADDED ENTRY ELEMENTS (KOHA)
Source of classification or shelving scheme
Koha item type Book
Holdings
Withdrawn status Lost status Source of classification or shelving scheme Damaged status Not for loan Permanent Location Current Location Shelving location Date acquired Source of acquisition Cost, normal purchase price Total Checkouts Full call number Barcode Date last seen Cost, replacement price Price effective from Koha item type
          Pakistan Navy Engineering College (PNEC) Pakistan Navy Engineering College (PNEC)   05/20/1987 Abrar & Sons/Library/Reference Grant 63.20   515.33 PIA PNECLIB-010690 07/01/2015 63.20 05/20/1987 Book
          Pakistan Navy Engineering College (PNEC) Pakistan Navy Engineering College (PNEC)   10/16/1990 Sasi Book Store/Library/Reference Grant 90.00   515.33 PIA PNECLIB-006472 07/14/2015 90.00 10/16/1990 Book
© 2023 Central Library, National University of Sciences and Technology. All Rights Reserved.